000 00958cam a2200289 a 4500
005 20260322212013.0
008 data
010 _a 2004296046
020 _a0669508195
020 _a9780669508192
040 _aYOL
_cYOL
_dDLC
042 _alccopycat
050 0 0 _aQA40
_b.K36 2004
082 0 0 _a510
_222
092 _a510 K36 2004
245 0 0 _aMath on call :
_ba mathematics handbook /
_cedited by Andrew Kaplan & Carol DeBold.
260 _aWilmington, Mass. :
_bGreat Source Education Group,
_cc2004.
300 _aix, 608 p. :
_bcol. ill. ;
_c23 cm.
500 _aIncludes index.
650 0 _aMathematics
_vHandbooks, manuals, etc.
700 1 _aKaplan, Andrew.
700 1 _aDeBold, Carol.
906 _a7
_bcbc
_ccopycat
_d3
_encip
_f20
_gy-gencatlg
925 0 _aacquire
_b1 shelf copy
_xpolicy default
955 _djp99 2004-02-10
_ejp10 2004-02-23 to Dewey
001 data
999 _c287
_d287